| 000 | 00607nam a2200145Ia 4500 | ||
|---|---|---|---|
| 008 | 260210s9999 xx 000 0 und d | ||
| 024 | _a10B-5-EE, 10B-10-EE, 10B-22-EE, 10B-28-EE & 10B-35-EE | ||
| 082 | _a621.399072 MUH | ||
| 100 | _aMuhammad Wasif, Bilal Ahsan, Abdul Qayoom, Kamran Ali & Shoaib Ahmed Khan | ||
| 245 | 0 | _aSpider Robot Design and Implementation | |
| 260 |
_aKarachi: _bUITU, _c2010 |
||
| 600 | _aElectronic Engineering | ||
| 650 | _aBachelor of Engineering (BE) | ||
| 856 |
_uhttps://drive.google.com/file/d/1-LLMK3jGqUoR1iH88PbZcL0Te9iO_F4U/view?usp=sharing _yClick here for PDF |
||
| 999 |
_c33215 _d33215 |
||